00917nam a2200253 i 4500001000700000003000900007005001700016007000300033008004100036020001800077080002100095100003100116245006700147250001400214260005600228300002200284490002600306500004300332651008300375830003100458852003300489999001900522952012200541106414ES-MaACL20250730153547.0t|061113s1989 fr ||||1| fre d a2-13-042541-0 a980.3"1492/1600"1 aMahn-Lot, Marianne.97554313aLa conquête de l'Amérique espagnole / cMarianne Mahn-Lot. a3eme. ed. aParis : bPresses Universitaires de France, c1989. a127 p. ; c18 cm.1 aQue sais-je? ; v1584 aBiblioteca Jacinto Martínez Lacalle. 4aAmérica española-xHistoria-y1492-1600 (Descubrimiento y conquista)9772400aQue sais-je?v15849180931 aES-MaACLjE-11404 bR.139137 c106414d106414 00104070aATENEOMbATENEOMcDEPO2d2008-01-17eSCl0oE-11404p1111083r2023-02-23 00:00:00w2023-02-23yMONOGRAFIA